ბათუმის შოთა რუსთაველის სახელმწიფო უნივერსიტეტის ბიბლიოთეკა

სსრ კავშირის ეკონომიკური გეოგრაფია : (ბიბ.ჩანაწერი № 63762)

000 -ლიდერი
ფიქსირებული სიგრძის საკონტროლო ველი 01137nam a22002057a 4500
003 - საკონტროლო ნომრის იდენტიფიკატორი
საკონტროლო ველი Ge_BSU
005 - ბოლო ოპერაციის თარიღი და დრო
საკონტროლო ველი 20260109173811.0
008 - ფიქსირებული სიგრძის მონაცემთა ელემენტები - ზოგადი ინფორმაცია
ფიქსირებული სიგრძის საკონტროლო ველი 260109s1982 ge ||||| |||| 00| 0 geo d
041 ## - ენის კოდი
Language code of text/sound track or separate title geo
080 ## - უნივერსალური ათობითი კლასიფიკაციის ინდექსი
Universal Decimal Classification number 911.3:33(47+57)(075.3) ს-13
100 ## - მთავარი ჩანაწერი - პიროვნების სახელი
Personal name სტროევი, კ.ფ.
9 (RLIN) 26636
245 ## - ცნობა სათაურის შესახებ
Title სსრ კავშირის ეკონომიკური გეოგრაფია :
Remainder of title სახელმძღვ. საშ. სკოლის VIII კლასისათვის /
Statement of responsibility, etc კ.ფ. სტროევი, მ.კ. კოვალევსკაია, ვ.ი. რომი; მთარგმნელი ა ნათიშვილი.
250 ## - გამოცემის ცნობა
Edition statement მე-5 შესწ. გამოცემა
264 ## - წარმოების, გამოცემის, დისტრიბუციის და სხვა ცნობები
გამოცემის, წარმოების, დისტრიბუციის... ადგილი თბ. :
გამოცემის, წარმოების, დისტრიბუციის... სახელწოდება განათლება,
გამოცემის, წარმოების, დისტრიბუციის... თარიღი 1982.
300 ## - ფიზიკური აღწერა
Extent 306 გვ. :
Other physical details ილ. ;
Dimensions 21 სმ.
653 ## - INDEX TERM--UNCONTROLLED
Uncontrolled term სსრ კავშირის ეკონომიკური გეოგრაფია
700 ## - ADDED ENTRY--PERSONAL NAME
Personal name კოვალევსკია, მ.კ.
Relator term ავტორი
9 (RLIN) 26638
700 ## - ADDED ENTRY--PERSONAL NAME
Personal name რომი, ვ.ი.
Relator term ავტორი
9 (RLIN) 26283
942 ## - ADDED ENTRY ELEMENTS (KOHA)
Source of classification or shelving scheme
Koha item type წიგნი
ეგზემპლარები
ჩამოწერის სტატუსი დაკარგული ეგზემპლარის სტატუსი კლასიფიკაციის წყარო ან თაროზე გაწყობის სქემა დაზიანების სტატუსი არ გაიცემა მუდმივი მდებარეობა (დაცვის ადგილი) ამჟამინდელი ადგილსამყოფელი თაროზე განთავსების ადგილი შეძენის თარიღი ღირებულება, შესყიდვის ნორმალური ფასი სრული შენახვის შიფრი შტრიხკოდი ბოლო ოპერაციის თარიღი ეგზემპლარის მიმდევრობითი ნომერი (კეტერი?) ფასის ძალაში შესვლის თარიღი ეგზემპლარის სახეობა საჯარო შენიშვნა
          ბათუმის შოთა რუსთაველის სახელმწიფო უნივერსიტეტის მთავარი ბიბლიოთეკა ბათუმის შოთა რუსთაველის სახელმწიფო უნივერსიტეტის მთავარი ბიბლიოთეკა წიგნსაცავი 2026-01-09 1.10 911.3:33(47+57)(075.3) ს-88 73409 2026-01-09 73409 2026-01-09 წიგნი 1 ლ. 10 თ.
          ბათუმის შოთა რუსთაველის სახელმწიფო უნივერსიტეტის მთავარი ბიბლიოთეკა ბათუმის შოთა რუსთაველის სახელმწიფო უნივერსიტეტის მთავარი ბიბლიოთეკა წიგნსაცავი 2026-01-09 1.00 911.3:33(47+57)(075.3) ს-13 73446 2026-01-09 73446 2026-01-09 წიგნი 1ლ.10თ.
          ბათუმის შოთა რუსთაველის სახელმწიფო უნივერსიტეტის მთავარი ბიბლიოთეკა ბათუმის შოთა რუსთაველის სახელმწიფო უნივერსიტეტის მთავარი ბიბლიოთეკა წიგნსაცავი 2026-01-09 1.00 911.3:33(47+57)(075.3) ს-13 73447 2026-01-09 73447 2026-01-09 წიგნი 1ლ.10თ.